A partition in the mind : (Record no. 200074)
[ view plain ]
| 000 -LEADER | |
|---|---|
| fixed length control field | 01041nam a2200325 a 4500 |
| 001 - CONTROL NUMBER | |
| control field | vtls001967745 |
| 003 - CONTROL NUMBER IDENTIFIER | |
| control field | NLI |
| 005 - DATE AND TIME OF LATEST TRANSACTION | |
| control field | 20210602113031.0 |
| 008 - FIXED-LENGTH DATA ELEMENTS--GENERAL INFORMATION | |
| fixed length control field | 171206s2017 ii g 001 eng |
| 020 ## - INTERNATIONAL STANDARD BOOK NUMBER | |
| International Standard Book Number | 9789386301635 |
| 039 #9 - LEVEL OF BIBLIOGRAPHIC CONTROL AND CODING DETAIL [OBSOLETE] | |
| Level of rules in bibliographic description | 201801191344 |
| Level of effort used to assign nonsubject heading access points | sukantap |
| Level of effort used to assign subject headings | 201801191343 |
| Level of effort used to assign classification | sukantap |
| -- | 201712061151 |
| -- | biswajitg |
| 040 ## - CATALOGING SOURCE | |
| Original cataloging agency | NLI |
| Language of cataloging | eng |
| 041 0# - LANGUAGE CODE | |
| Language code of text/sound track or separate title | eng |
| 044 ## - COUNTRY OF PUBLISHING/PRODUCING ENTITY CODE | |
| MARC country code | ii |
| 082 04 - DEWEY DECIMAL CLASSIFICATION NUMBER | |
| Classification number | 954 |
| Edition number | 22 |
| 100 1# - MAIN ENTRY--PERSONAL NAME | |
| Personal name | Das Gupta, Prosenjit |
| 9 (RLIN) | 54370 |
| 245 12 - TITLE STATEMENT | |
| Title | A partition in the mind : |
| Remainder of title | another look at the partition of India/ |
| Statement of responsibility, etc. | Prosenjit Das Gupta |
| 260 ## - PUBLICATION, DISTRIBUTION, ETC. | |
| Place of publication, distribution, etc. | Goa : |
| Name of publisher, distributor, etc. | Cinnamon Teal Publishing, |
| Date of publication, distribution, etc. | 2017 |
| 300 ## - PHYSICAL DESCRIPTION | |
| Extent | 235p. ; |
| Dimensions | 21 cm. |
| 504 ## - BIBLIOGRAPHY, ETC. NOTE | |
| Bibliography, etc. note | Includes bibliographical references and index |
| 887 ## - NON-MARC INFORMATION FIELD | |
| Content of non-MARC field | SP |
| 901 ## - LOCAL DATA ELEMENT A, LDA (RLIN) | |
| a | DB168170 : |
| b | 11.12.2017 |
| 902 ## - LOCAL DATA ELEMENT B, LDB (RLIN) | |
| a | E 954 D 26 p |
| 903 ## - LOCAL DATA ELEMENT C, LDC (RLIN) | |
| a | biswajit ghosh |
| 904 ## - LOCAL DATA ELEMENT D, LDD (RLIN) | |
| a | SP |
| 942 ## - ADDED ENTRY ELEMENTS (KOHA) | |
| Source of classification or shelving scheme | Dewey Decimal Classification |
| Koha item type | Books |
| 949 ## - LOCAL PROCESSING INFORMATION (OCLC) | |
| -- | VIRTUAITEM |
| -- | 10000 |
| -- | 100 |
| 6 | DBA000168170ENG |
| Withdrawn status | Lost status | Damaged status | Not for loan | Collection code | Home library | Current library | Shelving location | Date acquired | Total Checkouts | Full call number | Barcode | Date last seen | Price effective from | Koha item type |
|---|---|---|---|---|---|---|---|---|---|---|---|---|---|---|
| New English | National Library of India | National Library of India | New English - Main Stack Division | E 954 D 26 p | DBA000168170ENG | 02/06/2021 | 02/06/2021 | Books |
